CCNA Acronyms 6 - Statistics

General Stats
  • This quiz has been taken 4 times
  • The average score is 2 of 30
Answer Stats
Hint Answer % Correct
FQDN Fully qualified domain name
75%
Gbps Gigabits per second
75%
ERP Enterprise resource planning
25%
EIRP Effective Isotropic Radiated Power
0%
ESP Encapsulating Security Payload
0%
ES End system
0%
EIGRP Enhanced Interior Gateway Routing Protocol
0%
EtherIP Ethernet in IP
0%
ETSI European Telecommunications Standards Institute
0%
ESA Extended service area
0%
EUI-64 Extended universal identifier 64-bit
0%
FRR Fast reroute
0%
FD Feasible distance
0%
FS Feasible successor
0%
FCC Federal Communications Commission
0%
FCIP Fiber Channel over IP
0%
FICON Fiber Connection
0%
FWSM Firewall Services Module
0%
FLSM Fixed-Length Subnet Masking
0%
FX Foreign exchange
0%
FXO Foreign Exchange Office
0%
FXS Foreign Exchange Station
0%
FECN Forward Explicit Congestion Notification
0%
FEC Forwarding Equivalence Class
0%
FIB Forwarding Information Base
0%
FRTS Frame Relay Traffic Shaping
0%
FDM Frequency division multiplexing
0%
GLBP Gateway Load-Balancing Protocol
0%
GE Gigabit Ethernet
0%
GLBA Gramm-Leach-Bliley Act
0%
No matching quizzes found
Score Distribution
Percent of People with Each Score
Percentile by Number Answered
Your Score History
You have not taken this quiz